| 000 | 00632nam a2200205 i 4500 | ||
|---|---|---|---|
| 001 | 74149 | ||
| 003 | ES-MaACL | ||
| 005 | 20230906172032.0 | ||
| 007 | t| | ||
| 008 | 040915s1953 sp ||||1| spa d | ||
| 100 | 1 |
_aGonzález-Alegre, Ramón. _958405 |
|
| 245 | 1 | 0 |
_aRomería / _cRamón González Alegre ; [nota preliminar por Emilio Alvarez Negreira]. |
| 260 |
_aPontevedra : _b[s.n., _c1953] ( _fGráficas Torres) |
||
| 300 |
_a62 p. ; _c24 cm. |
||
| 490 | 1 | _aBenito Soto | |
| 700 | 1 |
_aAlvarez Negreira, Emilio. _920891 |
|
| 830 | 0 |
_aBenito Soto _9231203 |
|
| 852 |
_aES-MaACL _j1962-F-11 _bR.34698 |
||
| 999 |
_c74149 _d74149 |
||